| 000 | 00722cab a22001935a 4500 | ||
|---|---|---|---|
| 001 | L148392 | ||
| 008 | 090914s2009 xxk f 000 0 eng d | ||
| 035 | _a(Sirsi) u148392 | ||
| 041 | 0 | _aeng | |
| 100 | 1 | _aZetter, John | |
| 245 | 0 | 0 |
_aIt isn't broken _bbut we may still have to fix it |
| 260 | _c2009 | ||
| 490 |
_aTown & Country Planning _v78(6) June 2009, 258-263 (6) |
||
| 520 | _aDiscusses changes needed in the UK planning system for it to remain economically, environmentally and socially competitive on a global level. Examines the role of central and local government and analyses regional planning. | ||
| 590 | _aKA | ||
| 651 | 4 |
_aUnited Kingdom _y |
|
| 690 |
_aPlanning and development _96259 |
||
| 942 | _n0 | ||
| 999 |
_c81815 _d81815 |
||